000 00558cam a22002053a 4500
001 39116
003 PGUSA
005 20140828083851.0
008 120312s2012||||xxu|||||s|||||000 | eng d
040 _aPGUSA
_beng
042 _adc
100 1 _aHuneker, James,
_d1857-1921
245 1 0 _aUnicorns
_h[electronic resource] /
_cJames Huneker
260 _bProject Gutenberg,
_c2012
506 _aPublic domain in the USA.
516 _aElectronic text
830 0 _aProject Gutenberg
_v39116
856 4 0 _uhttp://www.gutenberg.org/ebooks/39116
942 _cEB
999 _c268369
_d268369